Statistics for Four Letter Place Names #1

Click here to take the quiz!

General Stats

  • This quiz has been taken 36,966 times
  • The average score is 15 of 24

Answer Stats

Clue Answer % Correct
ContinentAsia
96%
World's longest riverNile
96%
Leaning tower localePisa
90%
Western U.S. stateUtah
88%
Largest Caribbean islandCuba
83%
Neighbor of YemenOman
82%
Andean nationPeru
80%
Tallest mountain in JapanFuji
79%
Location of the Great PyramidGiza
73%
Capital of the aboveLima
73%
The Eternal CityRome
70%
Egyptian canalSuez
68%
Thailand, formerlySiam
61%
River upon which Stratford liesAvon
58%
Where the Tigris and Euphrates flowIraq
58%
Indonesian tourist islandBali
56%
Major Indonesian islandJava
55%
Japanese city known for its beefKobe
53%
Capital of QatarDoha
49%
Able was Napoleon ere he saw this islandElba
45%
English county home to DoverKent
36%
National Park in the aboveZion
25%
Biggest city on Hawaii's Big IslandHilo
17%
Capital of OkinawaNaha
8%

Score Distribution

Percentile by Number Answered

Percent of People with Each Score

Your Score History

You have not taken this quiz